Öffentliche Finanzen - Stand, mittelfristige Perspektiven und wirtschaftspolitische Ansatzpunkte

Salvato in:
Dettagli Bibliografici
Autore principale: Boss, Alfred
Natura: Libro
Lingua:tedesco
Pubblicazione: Kiel Institut für Weltwirtschaft 1994
Edizione:1. Aufl.
Serie:Kieler Arbeitspapier Nr. 629
Soggetti:
Tags: Aggiungi Tag
Nessun Tag, puoi essere il primo ad aggiungerne!!

MARC

LEADER 00000nam a2200000 4500
001 c005393
005 20221214074621.5
041 0 |a ger 
044 |a DE 
245 1 0 |a Öffentliche Finanzen - Stand, mittelfristige Perspektiven und wirtschaftspolitische Ansatzpunkte  |c Alfred Boss 
250 |a 1. Aufl. 
264 1 |a Kiel  |b Institut für Weltwirtschaft  |c 1994 
300 |a 50 s. 
490 1 |a Kieler Arbeitspapier  |v Nr. 629 
830 0 |a Kieler Arbeitspapier  |v Nr. 629 
610 2 0 |a Nemecko 
610 2 0 |a financie verejné 
610 2 0 |a prognózy hospodárske 
610 2 0 |a politika hospodárska 
610 2 0 |a zadlženosť 
610 2 0 |a úrok 
610 2 0 |a výdavky 
610 2 0 |a dôchodcovia 
610 2 0 |a poistenie dôchodkové 
610 2 0 |a rozvoj hospodársky 
610 2 0 |a politika peňažná 
610 2 0 |a tarify 
610 2 0 |a zamestnanosť 
610 2 0 |a mzdy 
610 2 0 |a ceny 
610 2 0 |a trh práce 
610 2 0 |a obeh peňažný 
610 2 0 |a konjunktúra 
610 2 0 |a produktivita práce 
610 2 0 |a grafy 
610 2 0 |a údaje štatistické 
100 1 |a Boss, Alfred